| 000 | 02153nam a2200505 a 4500 | ||
|---|---|---|---|
| 999 |
_c357759 _d357759 |
||
| 001 | 000000425062 | ||
| 003 | IT-MiSPE | ||
| 005 | 20180120144924.0 | ||
| 008 | 160714s2016 it 001 u ita d | ||
| 020 | _a9788831193955 | ||
| 040 |
_aPUG _bita _dclb _cITMiSPE |
||
| 084 | _a12 F | ||
| 084 | _a12 H | ||
| 084 | _a12 L | ||
| 130 | 0 |
_aBiblia. _pV.T. _pTobias. _lItaliano. _956795 |
|
| 245 | 1 | 0 |
_aTobia, Sapienza, Siracide, Baruc, aggiunte a Daniele / _ca cura di Sever J. Voicu ; introduzione generale di Angelo Di Berardino. |
| 260 |
_aRoma : _bCittà Nuova, _c2016. |
||
| 300 |
_a627 p. ; _c26 cm |
||
| 490 | 1 |
_aLa Bibbia commentata dai Padri. _aAntico Testamento ; _v005 |
|
| 500 | _aTesto su due colonne | ||
| 504 | _aContiene riferimenti bibliografici e indici | ||
| 630 | 0 | 4 |
_aBiblia. _pV.T. _pTobias _xCommenti italiano. _956796 |
| 630 | 0 | 4 |
_aBiblia. _pV.T. _pSapientia _xCommenti italiano. _956797 |
| 630 | 0 | 4 |
_aBiblia. _pV.T. _pEcclesiasticus _xCommenti italiano. _956798 |
| 630 | 0 | 4 |
_aBiblia. _pV.T. _pBaruch _xCommenti italiano. _956799 |
| 630 | 0 | 4 |
_aBiblia. _pV.T. _pDaniel. _p3,24-90 _xCommenti italiano. _956800 |
| 630 | 0 | 4 |
_aBiblia. _pV.T. _pDaniel. _p13,1-14,42 _xCommenti italiano. _956801 |
| 655 | 7 |
_aSacra Scrittura. Studi sul Vecchio Testamento _xPentateuco - Libri storici. _2local _956802 |
|
| 655 | 7 |
_aSacra Scrittura. Studi sul Vecchio Testamento _xLibri poetici e sapienzali. _2local _956779 |
|
| 655 | 7 |
_aSacra Scrittura. Studi sul Vecchio Testamento _xProfeti maggiori. _2local _956786 |
|
| 700 | 1 |
_aVoicu, Sever J., _d1945-, _eed. _956803 |
|
| 700 | 1 |
_aDi Berardino, Angelo, _co.s.a., _d1930-, _epr. _956804 |
|
| 730 | 0 | 0 |
_aBiblia. _pV.T. _pSapientia. _lItaliano. _956805 |
| 730 | 0 | 2 |
_aBiblia. _pV.T. _pEcclesiasticus. _lItaliano. _956806 |
| 730 | 0 | 2 |
_aBiblia. _pV.T. _pBaruch. _lItaliano. _956807 |
| 730 | 0 | 2 |
_aBiblia. _pV.T. _pDaniel. _p3,24-90. _lItaliano. _956808 |
| 730 | 0 | 2 |
_aBiblia. _pV.T. _pDaniel. _p13,1-14,42. _lItaliano. _956809 |
| 740 | 0 | 2 | _aSapienza. |
| 740 | 0 | 2 | _aSiracide. |
| 740 | 0 | 2 | _aBaruc. |
| 740 | 0 | 2 | _aAggiunte a Daniele. |
| 830 | 3 |
_aLa Bibbia commentata dai Padri. _pAntico Testamento ; _v005. _956810 |
|
| 942 |
_2ddc _cBK |
||